Sports Quiz

Random Sports or NBA Quiz

NBA 20 PPG, Second on Team Quiz Stats

 Plays Quiz Updated Jun 13, 2019

Score 0/55 Timer 05:00
6 Plays Today
PPG (Year) Player % Correct
28.5 (2000-01)Kobe Bryant
98.6%
25.2 (2001-02)Kobe Bryant
98.6%
26.0 (2017-18)Kevin Durant
98.3%
27.5 (2002-03)Shaquille O'Neal
96.8%
21.5 (2003-04)Shaquille O'Neal
96.8%
22.9 (2004-05)Shaquille O'Neal
96.8%
21.5 (2017-18)Klay Thompson
96.7%
22.9 (2018-19)Russell Westbrook
96.7%
20.0 (2017-18)Klay Thompson
95.6%
22.3 (2016-17)Klay Thompson
95.4%
23.5 (2015-16)Russell Westbrook
95.2%
22.1 (2015-16)Klay Thompson
95%
23.2 (2012-13)Russell Westbrook
94.8%
21.2 (2012-13)Dwyane Wade
94.7%
25.1 (2016-17)Kevin Durant
94.7%
25.2 (2016-17)Kyrie Irving
94.4%
21.7 (2014-15)Klay Thompson
94.4%
25.5 (2010-11)Dwyane Wade
94.1%
23.6 (2011-12)Russell Westbrook
94%
21.7 (2014-15)Kyrie Irving
91.1%
22.4 (2016-17)Kyle Lowry
90.4%
21.0 (2018-19)C.J. McCollum
88.4%
23.1 (2016-17)Bradley Beal
88.3%
21.2 (2015-16)Kyle Lowry
88.2%
23.6 (2016-17)Andrew Wiggins
87%
21.4 (2017-18)C.J. McCollum
85.3%
23.0 (2016-17)C.J. McCollum
84.2%
21.9 (2017-18)Paul George
81.1%
PPG (Year) Player % Correct
20.6 (2007-08)David West
79.5%
21.0 (2008-09)David West
79.5%
20.8 (2015-16)C.J. McCollum
78.5%
20.7 (2013-14)Damian Lillard
72%
21.2 (2018-19)DeMar DeRozan
71.3%
21.0 (2014-15)Damian Lillard
70.8%
20.1 (2017-18)Khris Middleton
69.7%
25.7 (2007-08)Carmelo Anthony
64.5%
21.2 (2018-19)Jrue Holiday
60.2%
21.3 (2007-08)Vince Carter
57.5%
20.8 (2008-09)Vince Carter
57.5%
22.1 (2001-02)Antoine Walker
56.2%
20.1 (2002-03)Antoine Walker
56.2%
21.1 (2016-17)Eric Bledsoe
52.5%
20.5 (2005-06)Antawn Jamison
49.2%
20.5 (2004-05)Rashard Lewis
48.5%
20.1 (2005-06)Rashard Lewis
48.5%
21.1 (2014-15)Rudy Gay
47.9%
20.0 (2004-05)Elton Brand
42.1%
20.6 (2001-02)Michael Finley
36.5%
21.5 (2000-01)Michael Finley
36.5%
20.3 (2013-14)Isaiah Thomas
33.9%
20.2 (2007-08)Monta Ellis
31%
21.2 (2002-03)Shawn Marion
30%
20.1 (2007-08)Stephen Jackson
27.4%
22.0 (2000-01)Glenn Robinson
27.4%
20.2 (2005-06)Chris Webber
22.3%

You're not logged in!

Compare scores with friends on all Sporcle quizzes.
OR
Log In

Show Comments

Extras

Top Quizzes Today


Score Distribution

Your Account Isn't Verified!

In order to create a playlist on Sporcle, you need to verify the email address you used during registration. Go to your Sporcle Settings to finish the process.

Report this User

Report this user for behavior that violates our Community Guidelines.

Details: